000 02150nam a2200373 i 4500
001 195363
003 SpMaBN
005 20250801155140.0
008 240606s2022 sp a | |||| 000 p spa
015 _aMON22
017 _aAL 1739-2022
_bOficina Depósito Legal Almería
020 _a9788411451246
040 _aSpMaBN
_bspa
_cSpMaBN
_erda
_dES-MaACL
080 _a821.134.2-14"19"
100 _aGaitán Pacheco, Ricardo,
_d1954-
_eaut
_9236892
245 1 0 _a30/67 :
_bPoemas sombra /
_cRicardo Gaitán Pacheco
250 _aPrimera edición: abril 2022
264 1 _a[Roquetas de Mar] :
_bCírculo Rojo Editorial,
_c[2022].
300 _a136 páginas :
_bilustraciones (color) ;
_c21 cm
336 _aTexto
_2rdacontent
337 _asin mediación
_2rdamedia
338 _avolumen
_2rdacarrier
520 _a30/67 Poemas sombra es un libro de poesías sobre el desamor. Después de su primer poemario, 22/65 Poemas luz, —escrito con 65 años tras una larga trayectoria profesional en la que publicó numerosos artículos y libros técnicos— en el que en 22 poemas reflejaba los sentimientos amorosos de una persona madura, en esta ocasión, a sus 67 años, expresa el desgarro que produce el final no querido de una relación amorosa. Además, incluye en el libro una portada y las correspondientes portadillas de cada poema pintadas en acuarela por él mismo para esta ocasión, dando así rienda suelta a su afición por la pintura, eternamente pospuesta por sus obligaciones profesionales.
655 0 _aPoesías amorosas
_9236893
700 _aGaitán Pacheco, Ricardo,
_d1954-
_eill
_9236892
852 _aES-MaACL
_cDEPOJ
_jN-10012
_gDedicatoria autógrafa del autor
_hDonación: Ricardo Gaitán Pacheco
_xEncuadernación rústica con solapas
_9206158
903 _aGaitán Pacheco, Ricardo,
_d1954-
_ednr
_9236892
942 _cMONOGRAFIA
_n0
999 _c195363
_d195363